| 000 | 00683nam a2200205Ia 4500 | ||
|---|---|---|---|
| 003 | GCL | ||
| 008 | 140319s9999 xx 000 0 ara d | ||
| 040 |
_aGCL / _cGCL |
||
| 082 | 0 | 4 |
_a154 _bى د |
| 100 | 1 | _aكارل غوستاف بونغ | |
| 245 | 1 | 0 |
_aدور اللاشعور ومعنى علم النفس للانسان الحديث / _cكارل غوستاف بونغ |
| 700 | 1 | _aنهاد خياطة | |
| 260 |
_a[S.N] : _bالمؤسسة الجامعية للدراسات والنشر والتوزيع ، _c1992 |
||
| 300 | _a168 ص | ||
| 490 | _a | ||
| 650 | 0 | 4 | _aعلم النفس |
| 650 | 0 | 4 | _aالعلاج النفسى |
| 650 | 0 | 4 | _aاللاشعور |
| 942 |
_2ddc _cBK |
||
| 999 |
_c46185 _d46185 |
||